| 000 | 00596nam a2200205 a 4500 | ||
|---|---|---|---|
| 003 | PILC | ||
| 005 | 20160224133911.0 | ||
| 008 | 080204s19uu xx 00 eng d | ||
| 020 | _a8183420117 | ||
| 050 |
_aG 156.5.E26 _b.B575 2006 |
||
| 100 | _aBhatt, Harish. | ||
| 245 |
_aSustainable tourism / _cHarish Bhatt, B.S. Badan. |
||
| 260 |
_aNew Delhi, India : _bCrescent Publishing Corporation, _c2006. |
||
| 300 |
_a318 pages ; _c22 cm. |
||
| 500 | _aIncludes bibliographical references and index. | ||
| 650 | _aTourism. | ||
| 700 | _aBadan, B.S. | ||
| 942 |
_cBK _2lcc _kFOR |
||
| 999 |
_c22871 _d22871 |
||